000 00819nam a22001937a 4500
003 OSt
005 20241212111013.0
008 240513s1991 |||||||| |||| 00| e spa d
020 _a9509122025
040 _cbesoc
100 1 _aSavater, Fernando
_e1947-
245 1 0 _aÉtica para amador /
_cFernando Savater
260 _aBuenos Aires :
_bAriel,
_c1991
300 _a189 p.
490 0 _aSerie Ápeiron : Invitación a la filosofía
505 _aAviso antipedagógico -- Prólogo -- De qué va la ética -- Órdenes, costumbres y caprichos -- Haz lo que quieras -- Date la buena vida -- ¡Despierta, baby! -- Aparece Pepito Grillo -- Ponte en su lugar -- Tanto gusto -- Elecciones generales -- Epílogo. Tendrás que pensártelo.-
650 4 _aLiteratura española
_vEnsayo
_xFilosofía
_ySiglo XX
942 _2udc
_cOG
_n0
999 _c239
_d239